ARRUPE JESUIT UNIVERSITY

CORONAVIRUS -STOP THE SPREAD - CLEAN,DISINFECT,COVER

A history of modern Sudan / (Record no. 3274)

MARC details
000 -LEADER
fixed length control field 01653cam a2200361 a 4500
001 - CONTROL NUMBER
control field 15152632
005 - DATE AND TIME OF LATEST TRANSACTION
control field 20170529085619.0
008 - FIXED-LENGTH DATA ELEMENTS--GENERAL INFORMATION
fixed length control field 080124s2008 enkab b 001 0 eng
010 ## - LIBRARY OF CONGRESS CONTROL NUMBER
LC control number 2008003211
020 ## - INTERNATIONAL STANDARD BOOK NUMBER
International Standard Book Number 9780521858205 (hbk.)
020 ## - INTERNATIONAL STANDARD BOOK NUMBER
International Standard Book Number 0521858208 (hbk.)
020 ## - INTERNATIONAL STANDARD BOOK NUMBER
International Standard Book Number 9780521674959 (pbk.)
020 ## - INTERNATIONAL STANDARD BOOK NUMBER
International Standard Book Number 0521674956 (pbk.)
035 ## - SYSTEM CONTROL NUMBER
System control number (OCoLC)ocn182563670
035 ## - SYSTEM CONTROL NUMBER
System control number (OCoLC)182563670
Canceled/invalid control number (OCoLC)182563671
040 ## - CATALOGING SOURCE
Original cataloging agency DLC
Transcribing agency DLC
Modifying agency YDXCP
-- BTCTA
-- BAKER
-- BWKUK
-- BWK
-- NLGGC
-- BWX
-- CDX
-- DLC
043 ## - GEOGRAPHIC AREA CODE
Geographic area code f-sj---
050 00 - LIBRARY OF CONGRESS CALL NUMBER
Classification number DT157.3
Item number .C65 2008
082 00 - DEWEY DECIMAL CLASSIFICATION NUMBER
Classification number 962.404
Edition number 22
084 ## - OTHER CLASSIFICATION NUMBER
Classification number 15.80
Source of number bcl
100 1# - MAIN ENTRY--PERSONAL NAME
Personal name Collins, Robert O.,
Dates associated with a name 1933-
9 (RLIN) 31136
245 12 - TITLE STATEMENT
Title A history of modern Sudan /
Statement of responsibility, etc Robert O. Collins.
260 ## - PUBLICATION, DISTRIBUTION, ETC. (IMPRINT)
Place of publication, distribution, etc Cambridge, UK ;
-- New York :
Name of publisher, distributor, etc Cambridge University Press,
Date of publication, distribution, etc 2008.
300 ## - PHYSICAL DESCRIPTION
Extent xxiii, 331 p. :
Other physical details ill., maps ;
Dimensions 24 cm.
504 ## - BIBLIOGRAPHY, ETC. NOTE
Bibliography, etc Includes bibliographical references (p. 305-319) and index.
651 #0 - SUBJECT ADDED ENTRY--GEOGRAPHIC NAME
Geographic name Sudan
General subdivision History
Chronological subdivision 1956-
9 (RLIN) 1470
856 42 - ELECTRONIC LOCATION AND ACCESS
Materials specified Contributor biographical information
Uniform Resource Identifier <a href="http://www.loc.gov/catdir/enhancements/fy0808/2008003211-b.html">http://www.loc.gov/catdir/enhancements/fy0808/2008003211-b.html</a>
856 42 - ELECTRONIC LOCATION AND ACCESS
Materials specified Publisher description
Uniform Resource Identifier <a href="http://www.loc.gov/catdir/enhancements/fy0808/2008003211-d.html">http://www.loc.gov/catdir/enhancements/fy0808/2008003211-d.html</a>
856 41 - ELECTRONIC LOCATION AND ACCESS
Materials specified Table of contents only
Uniform Resource Identifier <a href="http://www.loc.gov/catdir/enhancements/fy0808/2008003211-t.html">http://www.loc.gov/catdir/enhancements/fy0808/2008003211-t.html</a>
856 42 - ELECTRONIC LOCATION AND ACCESS
Materials specified Book review (H-Net)
Uniform Resource Identifier <a href="http://www.h-net.org/reviews/showrev.php?id=29849">http://www.h-net.org/reviews/showrev.php?id=29849</a>
906 ## - LOCAL DATA ELEMENT F, LDF (RLIN)
a 7
b cbc
c orignew
d 1
e ecip
f 20
g y-gencatlg
942 ## - ADDED ENTRY ELEMENTS (KOHA)
Source of classification or shelving scheme Library of Congress Classification
Item type Monograph ( Printed materials)
Holdings
Withdrawn status Lost status Source of classification or shelving scheme Damaged status Not for loan Collection code Home library Current library Shelving location Date acquired Total Checkouts Full call number Barcode Date last seen Date last borrowed Copy number Price effective from Koha item type
    Library of Congress Classification     Main Collection ARRUPE LIBRARY ARRUPE LIBRARY   27/02/2013 7 DT157.3.C65 2008 46402558 07/05/2019 23/04/2019 1 27/02/2013 Monograph ( Printed materials)

 

Arrupe Library. PO Box MP320 Mt Pleasant, Harare, Zimbabwe
263 242 745411|librarian@aju.ac.zw